[Event "Titled Tuesday intern op 19th Apr Late"]
[Site "Chess.com INT"]
[Date "2022.04.19"]
[Round "10"]
[White "Janturin, Artur"]
[Black "Bilan, Danila"]
[Result "1-0"]
[WhiteElo "2384"]
[BlackElo "2303"]
[PlyCount "69"]
[EventDate "2022.04.19"]
[EventType "swiss (blitz)"]
[EventRounds "11"]
[EventCountry "USA"]
[SourceTitle "EXT 2023"]
[Source "ChessBase"]
[SourceDate "2022.10.05"]
[SourceVersion "1"]
[SourceVersionDate "2022.10.05"]
[SourceQuality "1"]

1. b3 d5 2. Bb2 Nf6 3. e3 c5 4. Bb5+ Nc6 5. Nf3 Qb6 6. a4 a6 7. a5 Qc7 8. Bxc6+ Qxc6 9. 0-0 g6 10. d3 Bg7 11. Nbd2 0-0 12. h3 Bf5 13. Qe2 Rad8 14. Ra4 Rfe8 15. Ne5 Qc7 16. Ndf3 Nd7 17. e4 Nxe5 18. Bxe5 Bxe5 19. exf5 Bc3 20. fxg6 hxg6 21. Ng5 Qe5 22. Qg4 Qg7 23. h4 Rd6 24. g3 Red8 25. Kg2 e6 26. Rh1 e5 27. h5 gxh5 28. Rxh5 Rg6 29. Qh4 e4 30. dxe4 dxe4 31. Nxe4 Rd4 32. Rxd4 Bxd4 33. Rg5 Rxg5 34. Qxg5 Kf8 35. Qd8# 1-0

[Event "Titled Tuesday intern op 19th Apr Late"]
[Site "Chess.com INT"]
[Date "2022.04.19"]
[Round "2"]
[White "Janturin, Artur"]
[Black "Kavyev, Ruslan"]
[Result "0-1"]
[WhiteElo "2384"]
[BlackElo "2295"]
[PlyCount "84"]
[EventDate "2022.04.19"]
[EventType "swiss (blitz)"]
[EventRounds "11"]
[EventCountry "USA"]
[SourceTitle "EXT 2023"]
[Source "ChessBase"]
[SourceDate "2022.10.05"]
[SourceVersion "1"]
[SourceVersionDate "2022.10.05"]
[SourceQuality "1"]

1. b3 e5 2. Bb2 Nc6 3. e3 Nf6 4. Nf3 e4 5. Nd4 Bd6 6. d3 0-0 7. Nd2 Re8 8. dxe4 Nxe4 9. Nxe4 Rxe4 10. Bd3 Re8 11. Qh5 g6 12. Qh6 Be5 13. Nxc6 dxc6 14. Bxe5 Rxe5 15. Rd1 Qf6 16. 0-0 Bg4 17. f3 Bf5 18. Bxf5 Qxf5 19. e4 Qf6 20. Rd7 Rh5 21. Qe3 Qe6 22. Rfd1 Re8 23. Rd8 c5 24. R8d7 Qe5 25. g3 b6 26. R7d5 Qxd5 27. Rxd5 Rxd5 28. Qf4 Rd7 29. h4 h5 30. g4 hxg4 31. Qxg4 Rd2 32. h5 Re6 33. Qf4 Rxc2 34. Qxc7 gxh5 35. Qxa7 Rg6+ 36. Kf1 Rgg2 37. Qxb6 Rh2 38. Kg1 Rcg2+ 39. Kf1 Rxa2 40. Qb8+ Kh7 41. Kg1 Rhb2 42. Qe5 Rb1# 0-1

[Event "Titled Tuesday intern op 19th Apr Late"]
[Site "Chess.com INT"]
[Date "2022.04.19"]
[Round "6"]
[White "Kovanova, Baira"]
[Black "Janturin, Artur"]
[Result "1-0"]
[WhiteElo "2342"]
[BlackElo "2384"]
[PlyCount "69"]
[EventDate "2022.04.19"]
[EventType "swiss (blitz)"]
[EventRounds "11"]
[EventCountry "USA"]
[SourceTitle "EXT 2023"]
[Source "ChessBase"]
[SourceDate "2022.10.05"]
[SourceVersion "1"]
[SourceVersionDate "2022.10.05"]
[SourceQuality "1"]

1. e4 a6 2. Nf3 b5 3. d4 Bb7 4. Bd3 Nf6 5. Nbd2 e6 6. 0-0 c5 7. c3 Be7 8. Qe2 cxd4 9. cxd4 Nc6 10. e5 Nd5 11. Ne4 0-0 12. Bg5 f6 13. exf6 gxf6 14. Bh6 Rf7 15. Nc5 Bxc5 16. dxc5 Kh8 17. Be4 Nce7 18. Rad1 Qc7 19. Qc2 Rc8 20. Rc1 Rg8 21. Rfd1 f5 22. Bxd5 Nxd5 23. Rxd5 Bxd5 24. Qc3+ Rgg7 25. Ng5 Kg8 26. f3 Rg6 27. Nxf7 Kxf7 28. Bd2 Qd8 29. Qe3 Qh4 30. Bc3 Qh3 31. Rc2 Bxf3 32. g3 Be4 33. Rd2 Ke8 34. Qf4 Qg4 35. Qb8+ 1-0

[Event "Titled Tuesday intern op 12th Apr Late"]
[Site "Chess.com INT"]
[Date "2022.04.12"]
[Round "3"]
[White "Afshar, Niusha"]
[Black "Janturin, Artur"]
[Result "0-1"]
[WhiteElo "1943"]
[BlackElo "2384"]
[PlyCount "46"]
[EventDate "2022.04.12"]
[EventType "swiss (blitz)"]
[EventRounds "11"]
[EventCountry "USA"]
[SourceTitle "CBM 207 Extra"]
[Source "ChessBase"]
[SourceDate "2022.05.31"]
[SourceVersion "1"]
[SourceVersionDate "2022.05.31"]
[SourceQuality "1"]

1. e4 a6 2. d4 b5 3. Nf3 Bb7 4. Bd3 Nf6 5. e5 Nd5 6. Be4 e6 7. 0-0 c5 8. dxc5 Bxc5 9. c3 Qb6 10. b4 Be7 11. Bxd5 Bxd5 12. Be3 Qb7 13. Nbd2 0-0 14. Qc2 Nc6 15. Nd4 Nxe5 16. Bf4 Ng6 17. Bg3 Bxg2 18. Rfe1 Bd5 19. Ne4 Bxe4 20. Rxe4 Rfc8 21. Qd3 Rc4 22. Rae1 Rac8 23. Ne2 Rxe4 0-1

[Event "Titled Tuesday intern op 12th Apr Late"]
[Site "Chess.com INT"]
[Date "2022.04.12"]
[Round "9"]
[White "Bachmann, Axel"]
[Black "Janturin, Artur"]
[Result "0-1"]
[WhiteElo "2588"]
[BlackElo "2384"]
[PlyCount "80"]
[EventDate "2022.04.12"]
[EventType "swiss (blitz)"]
[EventRounds "11"]
[EventCountry "USA"]
[SourceTitle "CBM 207 Extra"]
[Source "ChessBase"]
[SourceDate "2022.05.31"]
[SourceVersion "1"]
[SourceVersionDate "2022.05.31"]
[SourceQuality "1"]

1. d4 e6 2. c4 b6 3. Nf3 Bb7 4. g3 Bb4+ 5. Bd2 Bxf3 6. exf3 Bxd2+ 7. Qxd2 d5 8. f4 Ne7 9. Bg2 Nbc6 10. 0-0 dxc4 11. Na3 Nxd4 12. Rfd1 c5 13. Nxc4 Rc8 14. h4 0-0 15. h5 h6 16. Rac1 Nd5 17. Ne5 Nf6 18. b4 Nxh5 19. bxc5 bxc5 20. Nd3 Qb6 21. Nxc5 Rxc5 22. Rxc5 Qxc5 23. Qxd4 Qa5 24. a4 Nf6 25. Rc1 Rd8 26. Qc4 Qd2 27. Bf3 h5 28. Rc2 Qe1+ 29. Kg2 h4 30. Re2 Qa1 31. g4 Rd1 32. Kh2 Nd5 33. Qc8+ Kh7 34. Qc2+ g6 35. Bxd5 Rxd5 36. Qe4 Qf1 37. Rc2 Rd1 38. Rc7 Qxf2+ 39. Qg2 Qxf4+ 40. Kh3 Rd3+ 0-1

[Event "Titled Tuesday intern op 12th Apr Late"]
[Site "Chess.com INT"]
[Date "2022.04.12"]
[Round "11"]
[White "Janturin, Artur"]
[Black "Reprintsev, Alexander"]
[Result "1-0"]
[WhiteElo "2384"]
[BlackElo "2353"]
[PlyCount "113"]
[EventDate "2022.04.12"]
[EventType "swiss (blitz)"]
[EventRounds "11"]
[EventCountry "USA"]
[SourceTitle "CBM 207 Extra"]
[Source "ChessBase"]
[SourceDate "2022.05.31"]
[SourceVersion "1"]
[SourceVersionDate "2022.05.31"]
[SourceQuality "1"]

1. b3 e5 2. Bb2 f6 3. e3 d5 4. d4 Nc6 5. Nf3 e4 6. Nfd2 f5 7. c4 Nf6 8. Nc3 Be6 9. Be2 Nb4 10. 0-0 c6 11. a3 Na6 12. b4 Nc7 13. Rc1 Be7 14. Nb3 0-0 15. Nc5 Bc8 16. cxd5 cxd5 17. Nb5 Nxb5 18. Bxb5 b6 19. Na6 Bd6 20. Qc2 Bd7 21. Bxd7 Qxd7 22. Qc6 Rfd8 23. Qxd7 Rxd7 24. Rc6 Kf7 25. Rfc1 Ne8 26. a4 Ke7 27. b5 g5 28. Bc3 Rad8 29. Bb4 Bxb4 30. Nxb4 Nf6 31. Kf1 f4 32. Ke2 h5 33. h3 Kf7 34. Rc7 Ke6 35. R1c6+ Ke7 36. Rc1 fxe3 37. Nc6+ Ke6 38. Nxd8+ Rxd8 39. fxe3 Ne8 40. R1c6+ Nd6 41. Rxa7 Kf5 42. a5 bxa5 43. b6 g4 44. h4 g3 45. Rxa5 Kg4 46. Rxd5 Ra8 47. Rcxd6 Ra2+ 48. Kd1 Rxg2 49. Rb5 Rg1+ 50. Kc2 g2 51. Rg6+ Kf3 52. b7 Re1 53. b8Q Re2+ 54. Kc3 Rxe3+ 55. Kc4 Kf2 56. Qf4+ Rf3 57. Qxe4 1-0

[Event "Titled Tuesday intern op 12th Apr Late"]
[Site "Chess.com INT"]
[Date "2022.04.12"]
[Round "10"]
[White "Janturin, Artur"]
[Black "Simonovic, Miroslav"]
[Result "0-1"]
[WhiteElo "2384"]
[BlackElo "2115"]
[PlyCount "33"]
[EventDate "2022.04.12"]
[EventType "swiss (blitz)"]
[EventRounds "11"]
[EventCountry "USA"]
[SourceTitle "CBM 207 Extra"]
[Source "ChessBase"]
[SourceDate "2022.05.31"]
[SourceVersion "1"]
[SourceVersionDate "2022.05.31"]
[SourceQuality "1"]

1. b3 c5 2. Bb2 Nc6 3. e3 d6 4. Nf3 e5 5. d4 cxd4 6. exd4 e4 7. d5 exf3 8. dxc6 Qe7+ 9. Kd2 Qg5+ 10. Ke1 fxg2 11. Qe2+ Be7 12. cxb7 gxh1Q 13. Qb5+ Bd7 14. b8Q+ Rxb8 15. Qxb8+ Bd8 16. Nc3 Nf6 17. Qxd6 0-1